[Event "World Chess Olympiad 2018"]
[Site "Batumi"]
[Date "2018.10.05"]
[Round "11"]
[Board "4"]
[WhiteFideId "5400422"]
[White "Lomandong Marc-Antoine"]
[BlackFideId "16300416"]
[Black "Liu Yeh Yang"]
[Result "1-0"]
[LiveChessVersion "1.4.8"]
[BlackElo "1926"]
[WhiteElo "2035"]

1. d4 {[%clk 1:30:52]} c5 {[%clk 1:30:58]} 2. e3 {[%clk 1:30:24]} d5
{[%clk 1:31:13]} 3. Nf3 {[%clk 1:30:48]} Nc6 {[%clk 1:31:35]} 4. b3
{[%clk 1:30:08]} Nf6 {[%clk 1:31:55]} 5. Bb2 {[%clk 1:30:31]} cxd4
{[%clk 1:31:19]} 6. exd4 {[%clk 1:30:59]} Bg4 {[%clk 1:31:32]} 7. Nbd2
{[%clk 1:28:25]} e6 {[%clk 1:31:58]} 8. Be2 {[%clk 1:23:32]} Bd6 {[%clk 1:32:17]}
9. Ne5 {[%clk 1:22:13]} Bxe2 {[%clk 1:32:00]} 10. Qxe2 {[%clk 1:22:34]} O-O
{[%clk 1:31:55]} 11. O-O {[%clk 1:21:15]} Rc8 {[%clk 1:32:21]} 12. c4
{[%clk 1:18:00]} Bb8 {[%clk 1:26:41]} 13. Ndf3 {[%clk 1:11:10]} Re8
{[%clk 1:18:12]} 14. Ng5 {[%clk 0:59:58]} Rc7 {[%clk 1:17:41]} 15. Rad1
{[%clk 0:58:02]} h6 {[%clk 1:17:07]} 16. Nh3 {[%clk 0:55:59]} Ne7
{[%clk 1:11:41]} 17. f4 {[%clk 0:52:28]} Ne4 {[%clk 1:09:22]} 18. Nf2
{[%clk 0:45:45]} Nxf2 {[%clk 1:09:06]} 19. Qxf2 {[%clk 0:43:33]} Nf5
{[%clk 1:09:13]} 20. c5 {[%clk 0:37:22]} h5 {[%clk 1:03:19]} 21. b4
{[%clk 0:35:11]} a6 {[%clk 1:02:15]} 22. a4 {[%clk 0:35:18]} Rc8 {[%clk 1:01:30]}
23. Bc3 {[%clk 0:32:38]} Bxe5 {[%clk 0:45:39]} 24. fxe5 {[%clk 0:31:50]} Qd7
{[%clk 0:45:54]} 25. Ra1 {[%clk 0:27:23]} Ra8 {[%clk 0:46:04]} 26. Qe2
{[%clk 0:17:47]} g6 {[%clk 0:46:33]} 27. Ra3 {[%clk 0:15:05]} Kg7
{[%clk 0:46:12]} 28. Rfa1 {[%clk 0:12:57]} Qe7 {[%clk 0:44:37]} 29. Qd2
{[%clk 0:09:41]} Qh4 {[%clk 0:44:28]} 30. b5 {[%clk 0:10:00]} Qe4
{[%clk 0:43:59]} 31. bxa6 {[%clk 0:07:26]} Rxa6 {[%clk 0:44:26]} 32. Rb3
{[%clk 0:07:05]} Ra7 {[%clk 0:43:34]} 33. a5 {[%clk 0:06:49]} Qe3+
{[%clk 0:43:33]} 34. Qxe3 {[%clk 0:06:29]} Nxe3 {[%clk 0:44:00]} 35. Rab1
{[%clk 0:06:50]} Re7 {[%clk 0:43:20]} 36. c6 {[%clk 0:04:58]} Re8
{[%clk 0:26:28]} 37. Rxb7 {[%clk 0:03:29]} Ra6 {[%clk 0:19:48]} 38. R1b6
{[%clk 0:03:20]} Raa8 {[%clk 0:15:16]} 39. c7 {[%clk 0:02:45]} Rec8
{[%clk 0:11:30]} 40. a6 {[%clk 0:32:03]} Nc4 {[%clk 0:41:16]} 41. Rc6
{[%clk 0:32:25]} Kf8 {[%clk 0:41:38]} 42. a7 {[%clk 0:29:41]} Ke7
{[%clk 0:23:32]} 43. Rb8 {[%clk 0:29:45]} Nb6 {[%clk 0:23:20]} 44. Rcxb6
{[%clk 0:29:08]} Rxa7 {[%clk 0:23:04]} 45. Rxc8 {[%clk 0:28:33]} Kd7
{[%clk 0:23:26]} 46. Rf8 {[%clk 0:27:28]} Kxc7 {[%clk 0:23:48]} 47. Rxf7+
{[%clk 0:27:20]} Kxb6 {[%clk 0:24:16]} 48. Rxa7 {[%clk 0:27:41]} Kxa7
{[%clk 0:24:40]} 49. Kf2 {[%clk 0:28:03]} Kb6 {[%clk 0:25:05]} 50. Kg3
{[%clk 0:28:25]} Kb5 {[%clk 0:24:05]} 51. Kh4 {[%clk 0:28:48]} Kc4
{[%clk 0:24:30]} 52. Ba1 {[%clk 0:29:10]} Kb3 {[%clk 0:24:26]} 53. Kg5
{[%clk 0:29:32]} Ka2 {[%clk 0:24:51]} 54. Bc3 {[%clk 0:29:58]} Kb3
{[%clk 0:25:17]} 55. Ba5 {[%clk 0:30:22]} Kc4 {[%clk 0:25:29]} 56. Bb6
{[%clk 0:30:47]} 1-0

[Event "World Chess Olympiad 2018"]
[Site "Batumi"]
[Date "2018.10.05"]
[Round "11"]
[Board "1"]
[WhiteFideId "5122279"]
[White "Cofre Archibold Nestor"]
[BlackFideId "6001238"]
[Black "Lam Daniel King Wai"]
[Result "1/2-1/2"]
[LiveChessVersion "1.4.8"]
[BlackElo "2145"]
[WhiteElo "2346"]

1. d4 {[%clk 1:30:57]} e6 {[%clk 1:30:38]} 2. e4 {[%clk 1:31:05]} d5
{[%clk 1:31:06]} 3. Nc3 {[%clk 1:31:18]} Nf6 {[%clk 1:31:30]} 4. e5
{[%clk 1:31:44]} Nfd7 {[%clk 1:31:58]} 5. Nce2 {[%clk 1:32:09]} c5
{[%clk 1:32:25]} 6. c3 {[%clk 1:32:35]} Nc6 {[%clk 1:32:33]} 7. f4
{[%clk 1:32:53]} b5 {[%clk 1:32:15]} 8. Nf3 {[%clk 1:33:04]} b4 {[%clk 1:31:11]}
9. f5 {[%clk 1:32:26]} exf5 {[%clk 1:27:33]} 10. Nf4 {[%clk 1:32:47]} bxc3
{[%clk 1:20:02]} 11. bxc3 {[%clk 1:31:32]} cxd4 {[%clk 1:17:42]} 12. cxd4
{[%clk 1:31:14]} Bb4+ {[%clk 1:13:41]} 13. Kf2 {[%clk 1:31:28]} Nb6
{[%clk 1:10:24]} 14. Bb5 {[%clk 1:31:28]} Bb7 {[%clk 1:07:03]} 15. Nh5
{[%clk 1:12:37]} O-O {[%clk 1:05:15]} 16. Bh6 {[%clk 1:06:36]} gxh6
{[%clk 0:47:59]} 17. Bxc6 {[%clk 1:05:41]} Bxc6 {[%clk 0:43:36]} 18. Qc1
{[%clk 1:05:51]} f6 {[%clk 0:42:55]} 19. Qxc6 {[%clk 1:05:34]} fxe5
{[%clk 0:41:25]} 20. Qxh6 {[%clk 1:02:57]} Qe7 {[%clk 0:40:12]} 21. Rab1
{[%clk 0:36:41]} Bc3 {[%clk 0:27:56]} 22. Rhc1 {[%clk 0:29:01]} Rac8
{[%clk 0:15:22]} 23. dxe5 {[%clk 0:23:22]} Bxe5 {[%clk 0:13:28]} 24. Re1
{[%clk 0:17:28]} Qc5+ {[%clk 0:11:42]} 25. Kf1 {[%clk 0:17:39]} Rc6
{[%clk 0:11:16]} 26. Qe3 {[%clk 0:12:56]} Bc3 {[%clk 0:04:45]} 27. Qxc5
{[%clk 0:08:54]} Rxc5 {[%clk 0:05:14]} 28. Re7 {[%clk 0:09:19]} Rf7
{[%clk 0:05:22]} 29. Re8+ {[%clk 0:09:33]} Rf8 {[%clk 0:05:46]} 30. Re7
{[%clk 0:09:48]} Rf7 {[%clk 0:06:02]} 31. Re6 {[%clk 0:04:49]} Rcc7
{[%clk 0:03:17]} 32. Nf4 {[%clk 0:02:15]} 1/2-1/2

[Event "World Chess Olympiad 2018"]
[Site "Batumi"]
[Date "2018.10.05"]
[Round "11"]
[Board "2"]
[WhiteFideId "6001890"]
[White "Pang Yui Kuen"]
[BlackFideId "5107407"]
[Black "Rojas Alarcon Julian Antonio"]
[Result "0-1"]
[LiveChessVersion "1.4.8"]
[BlackElo "2387"]
[WhiteElo "1981"]

1. e4 {[%clk 1:30:54]} c5 {[%clk 1:29:24]} 2. Nc3 {[%clk 1:31:08]} Nc6
{[%clk 1:29:47]} 3. g3 {[%clk 1:29:12]} g6 {[%clk 1:28:23]} 4. d3
{[%clk 1:29:31]} Bg7 {[%clk 1:27:38]} 5. Bg2 {[%clk 1:29:42]} e6 {[%clk 1:24:26]}
6. Nge2 {[%clk 1:29:35]} Nge7 {[%clk 1:24:46]} 7. O-O {[%clk 1:29:52]} O-O
{[%clk 1:18:44]} 8. f4 {[%clk 1:30:12]} d5 {[%clk 1:18:43]} 9. f5
{[%clk 1:30:25]} exf5 {[%clk 1:11:04]} 10. exd5 {[%clk 1:30:40]} Nd4
{[%clk 1:11:21]} 11. Kh1 {[%clk 1:09:25]} h6 {[%clk 0:59:36]} 12. Nf4
{[%clk 0:57:30]} b5 {[%clk 0:38:03]} 13. Nce2 {[%clk 0:52:30]} Ba6
{[%clk 0:37:40]} 14. c3 {[%clk 0:37:40]} Nxe2 {[%clk 0:37:48]} 15. Qxe2
{[%clk 0:38:02]} Rb8 {[%clk 0:34:57]} 16. a4 {[%clk 0:31:12]} Bb7
{[%clk 0:25:55]} 17. axb5 {[%clk 0:13:56]} Nxd5 {[%clk 0:26:08]} 18. Nxd5 Bxd5
{[%clk 0:26:34]} 19. c4 {[%clk 0:11:23]} Re8 {[%clk 0:24:32]} 20. Qc2
{[%clk 0:09:23]} Bxg2+ {[%clk 0:24:49]} 21. Kxg2 {[%clk 0:09:52]} Rb7
{[%clk 0:25:01]} 22. Rf2 {[%clk 0:06:20]} Rbe7 {[%clk 0:22:58]} 23. h3
{[%clk 0:03:02]} Bd4 {[%clk 0:22:30]} 0-1

[Event "World Chess Olympiad 2018"]
[Site "Batumi"]
[Date "2018.10.05"]
[Round "11"]
[Board "3"]
[WhiteFideId "5105439"]
[White "Dominguez Aguilar Guillermo"]
[BlackFideId "6001394"]
[Black "Wong Brian"]
[Result "1-0"]
[LiveChessVersion "1.4.8"]
[BlackElo "2024"]
[WhiteElo "2324"]

1. e4 {[%clk 1:30:53]} Nf6 {[%clk 1:30:34]} 2. e5 {[%clk 1:31:05]} Nd5
{[%clk 1:31:01]} 3. d4 {[%clk 1:30:54]} d6 {[%clk 1:30:57]} 4. Nf3
{[%clk 1:31:12]} g6 {[%clk 1:25:49]} 5. Bc4 {[%clk 1:31:26]} Be6 {[%clk 1:24:18]}
6. Ng5 {[%clk 1:28:49]} Nc6 {[%clk 1:20:08]} 7. Nxe6 {[%clk 1:26:25]} fxe6
{[%clk 1:20:28]} 8. f4 {[%clk 1:26:35]} Bh6 {[%clk 1:15:06]} 9. O-O
{[%clk 1:25:10]} Qd7 {[%clk 1:10:04]} 10. Nc3 {[%clk 1:09:32]} O-O-O
{[%clk 1:05:00]} 11. f5 {[%clk 0:43:32]} Ne3 {[%clk 0:48:29]} 12. fxe6
{[%clk 0:21:53]} Qe8 {[%clk 0:48:53]} 13. Bxe3 {[%clk 0:22:15]} Bxe3+
{[%clk 0:49:19]} 14. Kh1 {[%clk 0:22:39]} Bxd4 {[%clk 0:40:33]} 15. exd6 exd6
{[%clk 0:36:38]} 16. Nd5 {[%clk 0:22:51]} Kb8 {[%clk 0:33:00]} 17. c3
{[%clk 0:19:52]} Be5 {[%clk 0:31:03]} 18. Rf7 {[%clk 0:19:27]} Rc8
{[%clk 0:18:51]} 19. Qg4 {[%clk 0:18:29]} h5 {[%clk 0:15:59]} 20. Qxg6
{[%clk 0:17:33]} Nd8 {[%clk 0:15:40]} 21. Nf6 {[%clk 0:17:12]} Qa4
{[%clk 0:09:12]} 22. Bb3 {[%clk 0:14:00]} Qa6 {[%clk 0:07:26]} 23. Nd7+
{[%clk 0:11:51]} Ka8 {[%clk 0:07:53]} 24. Rh7 {[%clk 0:09:34]} Nc6
{[%clk 0:07:04]} 25. Rxh8 {[%clk 0:04:36]} Rxh8 {[%clk 0:07:29]} 26. Qf7
{[%clk 0:04:57]} Qe2 {[%clk 0:05:25]} 27. e7 {[%clk 0:03:32]} Nxe7
{[%clk 0:03:55]} 28. Qxe7 {[%clk 0:03:53]} h4 {[%clk 0:04:19]} 29. h3
{[%clk 0:03:21]} Qxb2 {[%clk 0:02:43]} 30. Rf1 {[%clk 0:03:17]} a6
{[%clk 0:02:52]} 31. Nxe5 {[%clk 0:03:33]} dxe5 {[%clk 0:02:44]} 32. Qxe5
{[%clk 0:03:51]} Rc8 {[%clk 0:02:17]} 33. Qd4 {[%clk 0:01:54]} c5
{[%clk 0:02:13]} 34. Qd7 {[%clk 0:01:48]} Rb8 {[%clk 0:01:53]} 35. Bd5
{[%clk 0:01:45]} Ka7 {[%clk 0:00:35]} 36. Qc7 {[%clk 0:01:37]} Qb5
{[%clk 0:00:34]} 37. c4 {[%clk 0:01:47]} Qb4 {[%clk 0:00:32]} 38. a3
{[%clk 0:00:36]} Qb6 {[%clk 0:00:51]} 39. Qxb6+ {[%clk 0:00:50]} Kxb6
{[%clk 0:01:18]} 40. Rb1+ {[%clk 0:31:14]} Kc7 {[%clk 0:30:50]} 41. Rxb7+
{[%clk 0:30:12]} Rxb7 {[%clk 0:31:09]} 42. Bxb7 {[%clk 0:30:36]} Kxb7
{[%clk 0:31:37]} 43. g4 {[%clk 0:30:59]} hxg3 {[%clk 0:29:23]} 44. Kg2
{[%clk 0:31:20]} Kb6 {[%clk 0:29:22]} 45. h4 {[%clk 0:31:44]} 1-0

[Event "World Chess Olympiad 2018"]
[Site "Batumi"]
[Date "2018.10.05"]
[Round "11"]
[Board "4"]
[WhiteFideId "6002552"]
[White "Ho In Hei Henry"]
[BlackFideId "5110491"]
[Black "Garcia Almaguer Juan Manuel"]
[Result "1-0"]
[LiveChessVersion "1.4.8"]
[BlackElo "2229"]
[WhiteElo "1797"]

1. d4 {[%clk 1:30:57]} Nf6 {[%clk 1:30:53]} 2. c4 {[%clk 1:31:20]} c5
{[%clk 1:30:38]} 3. d5 {[%clk 1:31:43]} e6 {[%clk 1:31:03]} 4. Nc3
{[%clk 1:31:56]} exd5 {[%clk 1:31:12]} 5. cxd5 {[%clk 1:32:24]} d6
{[%clk 1:31:36]} 6. Nf3 {[%clk 1:32:33]} g6 {[%clk 1:30:29]} 7. Bf4
{[%clk 1:32:56]} Bg7 {[%clk 1:30:50]} 8. Qa4+ {[%clk 1:33:05]} Bd7
{[%clk 1:24:00]} 9. Qb3 {[%clk 1:33:25]} Qc7 {[%clk 1:24:12]} 10. e4
{[%clk 1:33:47]} O-O {[%clk 1:24:19]} 11. Nd2 {[%clk 1:33:41]} Nh5
{[%clk 1:20:48]} 12. Be3 {[%clk 1:32:03]} f5 {[%clk 1:19:41]} 13. f3
{[%clk 1:31:23]} f4 {[%clk 1:09:10]} 14. Bf2 {[%clk 1:31:12]} a6 {[%clk 1:06:40]}
15. a4 {[%clk 1:31:40]} Be8 {[%clk 1:04:09]} 16. Nc4 {[%clk 1:27:24]} Nd7
{[%clk 1:03:08]} 17. a5 {[%clk 1:25:17]} Rb8 {[%clk 0:57:54]} 18. Na4
{[%clk 1:16:33]} Ne5 {[%clk 0:57:19]} 19. Nab6 {[%clk 1:15:58]} Nxc4
{[%clk 0:46:19]} 20. Nxc4 {[%clk 1:14:54]} Bb5 {[%clk 0:46:34]} 21. Nb6
{[%clk 1:09:39]} Bxf1 {[%clk 0:37:05]} 22. Kxf1 {[%clk 1:08:33]} Rbe8
{[%clk 0:28:44]} 23. Be1 {[%clk 1:02:35]} g5 {[%clk 0:25:04]} 24. Bc3
{[%clk 0:59:16]} g4 {[%clk 0:24:27]} 25. Re1 {[%clk 0:54:18]} Qe7
{[%clk 0:17:43]} 26. Ke2 {[%clk 0:48:12]} Qg5 {[%clk 0:17:20]} 27. Bxg7
{[%clk 0:46:33]} Nxg7 {[%clk 0:17:19]} 28. Kd1 {[%clk 0:45:52]} Re7
{[%clk 0:13:19]} 29. Nc4 {[%clk 0:40:27]} Qg6 {[%clk 0:10:45]} 30. Kc1
{[%clk 0:39:11]} Rfe8 {[%clk 0:09:42]} 31. Rd1 {[%clk 0:35:15]} Kh8
{[%clk 0:08:30]} 32. Qc3 {[%clk 0:35:22]} h6 {[%clk 0:08:22]} 33. Rhe1
{[%clk 0:34:58]} Kh7 {[%clk 0:08:10]} 34. e5 {[%clk 0:32:30]} Nf5
{[%clk 0:07:49]} 35. exd6 {[%clk 0:26:31]} Nxd6 {[%clk 0:07:47]} 36. Rxe7+
{[%clk 0:25:12]} Rxe7 {[%clk 0:08:12]} 37. Ne5 {[%clk 0:23:13]} Qf5
{[%clk 0:06:32]} 38. Nxg4 {[%clk 0:22:45]} h5 {[%clk 0:06:35]} 39. Qf6
{[%clk 0:14:23]} Qxf6 {[%clk 0:00:51]} 40. Nxf6+ {[%clk 0:44:48]} Kg6
{[%clk 0:31:16]} 41. Ne4 {[%clk 0:44:52]} Nxe4 {[%clk 0:25:19]} 42. fxe4
{[%clk 0:45:20]} Rxe4 {[%clk 0:25:48]} 43. d6 {[%clk 0:45:26]} Re8
{[%clk 0:23:24]} 44. Kc2 {[%clk 0:45:22]} Kf6 {[%clk 0:20:08]} 45. Kc3
{[%clk 0:45:43]} Ke6 {[%clk 0:14:48]} 46. Re1+ {[%clk 0:45:54]} Kd7
{[%clk 0:15:05]} 47. Rxe8 {[%clk 0:46:21]} Kxe8 {[%clk 0:15:32]} 48. Kc4
{[%clk 0:46:50]} h4 {[%clk 0:08:35]} 49. h3 {[%clk 0:46:44]} Kf7 {[%clk 0:04:42]}
50. Kxc5 {[%clk 0:47:00]} Ke6 {[%clk 0:03:33]} 51. b3 {[%clk 0:47:29]} Kf7
{[%clk 0:03:54]} 52. Kd5 {[%clk 0:47:51]} Kf6 {[%clk 0:04:18]} 53. b4
{[%clk 0:46:19]} Kf7 {[%clk 0:03:05]} 54. Ke5 {[%clk 0:46:45]} Ke8
{[%clk 0:03:25]} 55. Ke6 {[%clk 0:47:08]} 1-0

[Event "World Chess Olympiad 2018"]
[Site "Batumi"]
[Date "2018.10.05"]
[Round "11"]
[Board "1"]
[WhiteFideId "11700599"]
[White "Farazi Khaiber"]
[BlackFideId "10000100"]
[Black "Ssegwanyi Arthur"]
[Result "1-0"]
[LiveChessVersion "1.4.8"]
[BlackElo "2347"]
[WhiteElo "2064"]

1. d4 {[%clk 1:30:54]} Nf6 {[%clk 1:30:55]} 2. Bf4 {[%clk 1:31:19]} g6
{[%clk 1:31:06]} 3. e3 {[%clk 1:31:30]} Bg7 {[%clk 1:31:29]} 4. Nf3
{[%clk 1:31:02]} d6 {[%clk 1:31:51]} 5. h3 {[%clk 1:31:06]} O-O {[%clk 1:30:31]}
6. c4 {[%clk 1:30:28]} c5 {[%clk 1:27:26]} 7. Nc3 {[%clk 1:29:19]} cxd4
{[%clk 1:25:01]} 8. exd4 {[%clk 1:29:31]} Nc6 {[%clk 1:25:11]} 9. d5
{[%clk 1:27:56]} Nb8 {[%clk 1:24:16]} 10. Be2 {[%clk 1:23:10]} Nbd7
{[%clk 1:24:03]} 11. O-O {[%clk 1:22:30]} Nc5 {[%clk 1:21:22]} 12. Be3
{[%clk 1:16:17]} a5 {[%clk 1:21:05]} 13. Nd4 {[%clk 1:14:59]} Bd7
{[%clk 1:18:38]} 14. Re1 {[%clk 1:12:14]} Re8 {[%clk 1:18:20]} 15. Ndb5
{[%clk 1:08:45]} a4 {[%clk 0:55:47]} 16. Bxc5 {[%clk 1:01:54]} dxc5
{[%clk 0:55:43]} 17. Nxa4 {[%clk 0:58:57]} Bxb5 {[%clk 0:54:07]} 18. cxb5
{[%clk 0:59:11]} Qxd5 {[%clk 0:43:01]} 19. Nb6 {[%clk 0:55:52]} Qxd1
{[%clk 0:42:04]} 20. Rexd1 {[%clk 0:55:57]} Ra5 {[%clk 0:40:11]} 21. a4
{[%clk 0:54:40]} Ne4 {[%clk 0:39:08]} 22. Nc4 {[%clk 0:51:08]} Ra7
{[%clk 0:29:41]} 23. b6 {[%clk 0:50:22]} Raa8 {[%clk 0:29:53]} 24. Bf3
{[%clk 0:50:11]} Nd6 {[%clk 0:29:52]} 25. Rxd6 {[%clk 0:49:12]} exd6
{[%clk 0:29:28]} 26. Bxb7 {[%clk 0:49:21]} Rad8 {[%clk 0:27:55]} 27. Bd5
{[%clk 0:48:57]} Re2 {[%clk 0:27:21]} 28. a5 {[%clk 0:47:32]} Bxb2
{[%clk 0:26:52]} 29. Nxb2 {[%clk 0:47:25]} Rxb2 {[%clk 0:26:56]} 30. b7
{[%clk 0:47:44]} c4 {[%clk 0:18:20]} 31. a6 {[%clk 0:45:35]} c3 {[%clk 0:15:47]}
32. a7 {[%clk 0:39:18]} c2 {[%clk 0:15:34]} 1-0

[Event "World Chess Olympiad 2018"]
[Site "Batumi"]
[Date "2018.10.05"]
[Round "11"]
[Board "2"]
[WhiteFideId "10001204"]
[White "Okas Walter"]
[BlackFideId "11700777"]
[Black "Amini Habibullah"]
[Result "1-0"]
[LiveChessVersion "1.4.8"]
[BlackElo "1988"]
[WhiteElo "2258"]

1. c4 {[%clk 1:30:51]} Nf6 {[%clk 1:30:44]} 2. Nf3 {[%clk 1:31:09]} e6
{[%clk 1:30:45]} 3. g3 {[%clk 1:31:22]} b6 {[%clk 1:30:42]} 4. Bg2
{[%clk 1:31:39]} Bb7 {[%clk 1:31:06]} 5. Nc3 {[%clk 1:31:45]} Be7
{[%clk 1:31:04]} 6. O-O {[%clk 1:31:51]} O-O {[%clk 1:31:28]} 7. d4
{[%clk 1:31:04]} d6 {[%clk 1:31:52]} 8. Qc2 {[%clk 1:30:33]} Nbd7
{[%clk 1:32:00]} 9. e4 {[%clk 1:30:27]} e5 {[%clk 1:31:28]} 10. b3
{[%clk 1:24:53]} c6 {[%clk 1:24:06]} 11. Bb2 {[%clk 1:22:31]} Qc7
{[%clk 1:24:19]} 12. Rad1 {[%clk 1:21:46]} Rad8 {[%clk 1:23:50]} 13. Rd2
{[%clk 1:16:50]} Rfe8 {[%clk 1:23:03]} 14. Rfd1 {[%clk 1:15:42]} Nf8
{[%clk 1:22:44]} 15. d5 {[%clk 1:13:17]} c5 {[%clk 1:21:36]} 16. Rf1
{[%clk 1:07:20]} Ng6 {[%clk 1:19:52]} 17. Ne1 {[%clk 1:05:12]} Bc8
{[%clk 1:18:01]} 18. Qd1 {[%clk 1:05:06]} Bd7 {[%clk 1:16:27]} 19. h3
{[%clk 1:04:55]} a6 {[%clk 1:13:38]} 20. a4 {[%clk 1:04:39]} Rb8 {[%clk 1:08:13]}
21. f4 {[%clk 1:01:57]} Bd8 {[%clk 1:04:39]} 22. Qe2 {[%clk 0:54:16]} Kh8
{[%clk 1:01:47]} 23. Nd3 {[%clk 0:53:07]} Bc8 {[%clk 1:00:17]} 24. Kh2
{[%clk 0:51:20]} Ng8 {[%clk 0:55:46]} 25. fxe5 {[%clk 0:46:47]} dxe5
{[%clk 0:55:56]} 26. d6 {[%clk 0:37:51]} Qd7 {[%clk 0:56:11]} 27. a5
{[%clk 0:37:51]} f6 {[%clk 0:56:04]} 28. Na4 {[%clk 0:37:19]} Qc6
{[%clk 0:50:17]} 29. Qe3 {[%clk 0:32:26]} Re6 {[%clk 0:39:24]} 30. Rfd1
{[%clk 0:31:20]} Nf8 {[%clk 0:30:06]} 31. axb6 Nd7 32. Ba3 {[%clk 0:18:22]} Rxb6
{[%clk 0:21:31]} 33. Nxb6 {[%clk 0:13:36]} Bxb6 {[%clk 0:21:55]} 34. h4
{[%clk 0:13:33]} h5 {[%clk 0:13:47]} 35. Bh3 {[%clk 0:12:54]} Rxd6
{[%clk 0:13:38]} 36. Nf2 {[%clk 0:08:55]} Rd4 {[%clk 0:13:37]} 37. Bb2
{[%clk 0:09:11]} Ba5 {[%clk 0:12:51]} 38. Rd3 {[%clk 0:09:22]} g6
{[%clk 0:12:26]} 39. g4 {[%clk 0:09:10]} hxg4 {[%clk 0:10:56]} 40. Bxg4
{[%clk 0:09:36]} Kg7 {[%clk 0:09:58]} 41. Rg1 {[%clk 0:39:43]} Nf8
{[%clk 0:39:29]} 42. Qg3 {[%clk 0:38:27]} Bxg4 {[%clk 0:38:50]} 43. Bxd4
{[%clk 0:36:20]} exd4 {[%clk 0:38:49]} 44. Qxg4 {[%clk 0:36:30]} Bc7+
{[%clk 0:39:03]} 45. Kh1 {[%clk 0:35:50]} Nh6 {[%clk 0:37:00]} 46. Qh5
{[%clk 0:32:49]} Be5 {[%clk 0:33:59]} 47. Qf3 {[%clk 0:31:47]} Qb7
{[%clk 0:33:31]} 48. Ng4 {[%clk 0:31:11]} Nxg4 {[%clk 0:33:56]} 49. Qxg4
{[%clk 0:29:47]} Kh6 {[%clk 0:31:16]} 50. Rf3 {[%clk 0:26:52]} a5
{[%clk 0:22:51]} 51. h5 {[%clk 0:25:34]} g5 {[%clk 0:21:39]} 52. Qf5
{[%clk 0:25:44]} Qg7 {[%clk 0:20:44]} 53. Rg2 {[%clk 0:23:17]} Nd7
{[%clk 0:19:54]} 54. Rg4 {[%clk 0:21:37]} Nf8 {[%clk 0:19:23]} 55. Kg2
{[%clk 0:21:42]} Nd7 {[%clk 0:18:24]} 56. Qe6 {[%clk 0:20:48]} Nf8
{[%clk 0:18:02]} 57. Qe8 {[%clk 0:19:53]} Kh7 {[%clk 0:14:44]} 58. h6
{[%clk 0:16:54]} Qd7 {[%clk 0:14:07]} 59. Qxd7+ {[%clk 0:13:25]} Nxd7
{[%clk 0:14:15]} 60. Rxg5 {[%clk 0:13:36]} fxg5 {[%clk 0:11:17]} 61. Rf7+
{[%clk 0:13:59]} Kxh6 {[%clk 0:11:22]} 62. Rxd7 {[%clk 0:14:25]} d3
{[%clk 0:07:31]} 63. Rxd3 {[%clk 0:14:42]} Bd4 {[%clk 0:08:00]} 64. Rf3
{[%clk 0:14:27]} Kg6 {[%clk 0:08:21]} 65. Kg3 {[%clk 0:14:39]} Kh5
{[%clk 0:08:26]} 66. Rf5 {[%clk 0:15:05]} Be3 {[%clk 0:08:38]} 67. e5
{[%clk 0:14:52]} Kg6 {[%clk 0:08:46]} 68. e6 {[%clk 0:11:13]} Bf4+
{[%clk 0:08:53]} 69. Rxf4 {[%clk 0:09:16]} gxf4+ {[%clk 0:09:21]} 70. Kxf4
{[%clk 0:09:39]} Kf6 {[%clk 0:09:08]} 71. e7 {[%clk 0:10:00]} 1-0

[Event "World Chess Olympiad 2018"]
[Site "Batumi"]
[Date "2018.10.05"]
[Round "11"]
[Board "3"]
[WhiteFideId "11701137"]
[White "Sulaiman Ahmad Ashrafi"]
[BlackFideId "10000569"]
[Black "Nsubuga Haruna"]
[Result "1-0"]
[LiveChessVersion "1.4.8"]
[BlackElo "2222"]
[WhiteElo "1908"]

1. d4 {[%clk 1:30:58]} d5 {[%clk 1:30:58]} 2. Bf4 {[%clk 1:31:24]} c5
{[%clk 1:30:48]} 3. e3 {[%clk 1:31:52]} cxd4 {[%clk 1:31:07]} 4. exd4
{[%clk 1:32:03]} Nc6 {[%clk 1:31:26]} 5. c3 {[%clk 1:32:23]} Bf5 {[%clk 1:31:10]}
6. Qb3 {[%clk 1:32:31]} Qd7 {[%clk 1:31:35]} 7. Nf3 {[%clk 1:32:43]} a6
{[%clk 1:31:51]} 8. Nbd2 {[%clk 1:32:17]} e6 {[%clk 1:32:13]} 9. Be2
{[%clk 1:28:06]} h6 {[%clk 1:32:24]} 10. O-O {[%clk 1:26:18]} Nf6
{[%clk 1:32:12]} 11. Ne5 {[%clk 1:21:01]} Nxe5 {[%clk 1:32:36]} 12. Bxe5
{[%clk 1:21:29]} Be7 {[%clk 1:32:34]} 13. c4 {[%clk 1:20:06]} O-O
{[%clk 1:32:14]} 14. c5 {[%clk 1:20:12]} Ne4 {[%clk 1:30:10]} 15. Nxe4
{[%clk 1:19:26]} dxe4 {[%clk 1:28:43]} 16. Rfd1 {[%clk 1:18:16]} Bh7
{[%clk 1:24:16]} 17. Bc4 {[%clk 1:17:42]} Kh8 {[%clk 1:23:16]} 18. h3
{[%clk 1:15:24]} Rad8 {[%clk 1:13:28]} 19. Kh2 {[%clk 1:08:28]} Bg8
{[%clk 1:11:13]} 20. Qc3 {[%clk 1:07:52]} f6 {[%clk 1:11:19]} 21. Bg3
{[%clk 1:08:07]} e5 {[%clk 1:10:10]} 22. dxe5 {[%clk 1:07:55]} Qxd1
{[%clk 1:10:30]} 23. Rxd1 {[%clk 1:08:20]} Rxd1 {[%clk 1:10:52]} 24. Bxg8
{[%clk 1:08:35]} Rxg8 {[%clk 1:11:11]} 25. Qb3 {[%clk 1:05:22]} Rd2
{[%clk 1:07:46]} 26. Qxb7 {[%clk 0:59:01]} Bxc5 {[%clk 1:07:56]} 27. exf6
{[%clk 0:59:12]} gxf6 {[%clk 1:07:17]} 28. Qxa6 {[%clk 0:42:36]} Bd4
{[%clk 1:07:38]} 29. Qe6 {[%clk 0:37:45]} e3 {[%clk 1:07:06]} 30. f4
{[%clk 0:30:45]} Rxb2 {[%clk 1:06:23]} 31. a4 {[%clk 0:27:36]} Rb1
{[%clk 1:00:53]} 32. Bh4 {[%clk 0:23:06]} Rb7 {[%clk 0:45:23]} 33. Bxf6+
{[%clk 0:22:39]} Bxf6 {[%clk 0:45:28]} 34. Qxf6+ {[%clk 0:23:04]} Kh7
{[%clk 0:45:42]} 35. Qe5 {[%clk 0:21:02]} Rb3 {[%clk 0:45:04]} 36. Qf5+
{[%clk 0:19:06]} Kg7 {[%clk 0:44:09]} 37. Qd7+ {[%clk 0:15:54]} Kh8
{[%clk 0:44:03]} 38. Qe6 {[%clk 0:16:07]} Rgb8 {[%clk 0:44:11]} 39. Qxh6+
{[%clk 0:15:44]} Kg8 {[%clk 0:44:33]} 40. Qe6+ {[%clk 0:45:46]} Kf8
{[%clk 1:14:39]} 41. a5 {[%clk 0:45:42]} R3b5 {[%clk 1:01:38]} 42. Qxe3
{[%clk 0:44:37]} Rxa5 {[%clk 1:02:01]} 43. Qe6 {[%clk 0:43:47]} Rab5
{[%clk 1:01:07]} 44. Qf6+ {[%clk 0:40:31]} Kg8 {[%clk 1:01:26]} 45. Qg6+
{[%clk 0:40:38]} Kh8 {[%clk 1:00:17]} 46. f5 {[%clk 0:40:42]} R5b7
{[%clk 1:00:28]} 47. f6 {[%clk 0:36:42]} Rg8 {[%clk 1:00:19]} 48. Qh6+
{[%clk 0:36:55]} Rh7 {[%clk 1:00:42]} 49. Qf4 {[%clk 0:37:18]} Rf8
{[%clk 0:57:02]} 50. g4 {[%clk 0:37:28]} Ra8 {[%clk 0:56:54]} 51. Qe4
{[%clk 0:30:01]} Ra2+ {[%clk 0:51:39]} 52. Kg3 {[%clk 0:30:20]} Ra3+
{[%clk 0:52:00]} 53. Kf4 {[%clk 0:30:19]} Rha7 {[%clk 0:51:22]} 54. Kg5
{[%clk 0:29:52]} R3a5+ {[%clk 0:46:19]} 55. Kh6 {[%clk 0:29:15]} 1-0